000 00349nam a2200133 i 4500
001 bg
100 1 _aKORBUT, Krzysztof
245 0 _aWybrane zagadnienia elektronicznych układów nieliniowych w zadaniach /
_cK. Korbut.
260 _aGdańsk,
_c1981.
040 _cBPK
041 _apol
942 _cKS
008 s pl f |000 0 pol
999 _c20038
_d20038
856 _uhttp://koha.tu.koszalin.pl/cgi-bin/koha/opac-detail.pl?biblionumber=20038
_yKatalog online BPK